000 00535cam a2200205 4500
001 B2055
008 090401t1988 xxu||||| |||| 00| 0 eng d
035 _a(Sirsi) u47818
041 _aeng
050 _a333.33709424
110 _aElliott Son and Boyton
_92243
245 _aWest Midlands office survey. - Autumn 1988
260 _aBirmingham
_bElliott Son and Boyton
_c1988
300 _a(24)p. : ill.,maps ; 30cm.
350 _a0
650 _aFLOORSPACE STATISTICS
650 _aOFFICES
942 _n0
948 _c04/03/1997
999 _c92211
_d92211